Music Quiz

Random Music Quiz

Dorothée 2 Quiz Stats

 Plays Quiz not verified by Sporcle

Score 0/171 Timer 06:00
0 Plays Today
Paroles % Correct
il
93.8%
il
93.8%
il
93.8%
il
93.8%
il
93.8%
il
93.8%
il
93.8%
le
87.5%
le
87.5%
le
87.5%
le
87.5%
le
87.5%
le
87.5%
le
87.5%
amour
81.3%
de
81.3%
amour
81.3%
est
81.3%
est
81.3%
est
81.3%
qu'
81.3%
est
81.3%
amour
81.3%
amour
81.3%
de
81.3%
est
81.3%
est
81.3%
amour
81.3%
ou
75%
un
75%
un
75%
ou
75%
un
75%
ou
75%
un
75%
ou
75%
un
75%
et
75%
un
75%
ou
75%
un
75%
ou
75%
se
68.8%
l'
68.8%
quand
68.8%
pour
68.8%
les
68.8%
se
68.8%
l'
68.8%
quand
68.8%
les
68.8%
la
68.8%
pour
68.8%
elle
68.8%
se
68.8%
l'
68.8%
quand
68.8%
Paroles % Correct
pour
68.8%
la
68.8%
l'
68.8%
la
68.8%
pour
68.8%
se
68.8%
l'
68.8%
une
62.5%
une
62.5%
une
62.5%
une
62.5%
une
62.5%
par
56.3%
dans
56.3%
fille
56.3%
fille
56.3%
dans
56.3%
dans
56.3%
a
56.3%
dans
56.3%
des
56.3%
dans
56.3%
fille
56.3%
dans
56.3%
dans
56.3%
dis
50%
jour
50%
dis
50%
jour
50%
coeur
50%
tout
50%
que
50%
que
50%
dis
50%
jour
50%
coeur
50%
que
50%
comme
50%
dis
50%
cache
43.8%
beau
43.8%
d'
43.8%
cache
43.8%
toujours
43.8%
d'
43.8%
d'
43.8%
garçon
43.8%
sur
43.8%
nous
43.8%
c'
43.8%
toujours
43.8%
c'
43.8%
cache
43.8%
beau
43.8%
d'
43.8%
d'
43.8%
garçon
43.8%
Paroles % Correct
cache
43.8%
vie
43.8%
cache
43.8%
ciel
37.5%
soleil
37.5%
on
37.5%
petit
37.5%
revient
31.3%
blotti
31.3%
contre
31.3%
enfants
31.3%
sages
31.3%
grand
31.3%
faire
31.3%
au
31.3%
surgit
25%
yeux
25%
nuage
25%
guetter
25%
trop
25%
chanter
25%
sans
25%
surgit
25%
chanter
25%
millions
25%
chansons
25%
sous
25%
mer
25%
bonheur
25%
notre
25%
allumer
18.8%
tour
18.8%
magie
18.8%
etoile
18.8%
chaque
18.8%
nos
18.8%
hiver
18.8%
nos
18.8%
tapi
18.8%
moment
18.8%
choisi
18.8%
toute
18.8%
murmurer
12.5%
attendant
12.5%
passe
12.5%
cambrioleur
12.5%
attendant
12.5%
meme
6.3%
prenom
6.3%
reves
6.3%
lui
6.3%
aimera
6.3%
fleur
6.3%
coeurs
6.3%
bouleverser
6.3%
nuit
0%
treve
0%

You're not logged in!

Compare scores with friends on all Sporcle quizzes.
OR
Log In

Show Comments

Extras

Created Feb 23, 2014ReportNominate
Tags:chanson, les, parole, san

Top Quizzes Today


Score Distribution

Your Account Isn't Verified!

In order to create a playlist on Sporcle, you need to verify the email address you used during registration. Go to your Sporcle Settings to finish the process.

Report this User

Report this user for behavior that violates our Community Guidelines.

Details: